000 01217nam a2200361 c 4500
001 58653
003 CO-BoRNBP
005 20250827155540.0
007 ta
008 180109s2016 ag a br 000 j spa d
020 _a9789873967139
040 _aCO-BoRNBP
_bspa
_erda
_cCO-BoRNBP
041 1 _aspa
_heng
084 _aA
100 _aZullo, Germano,
_d1968-
_eaut
_963750
245 1 0 _aLínea 135 /
_cGermano Zullo ; ilustraciones Albertine ; traducción Catalina Figini.
250 _aPrimera edición
264 1 _aBuenos Aires, Argentina :
_bCalibroscopio,
_c2016
300 _a36 páginas sin numerar :
_bilustraciones a color
336 _atexto
_btxt
_2rdacontent
337 _asin mediación
_bn
_2rdamedia
338 _avolumen
_bnc
_2rdacarrier
521 _aRecomendado para un público infantil mayor de 6 años
650 0 7 _aAbuelos
_vCuentos
_2LEMB
_962734
650 0 4 _aCuentos infantiles suizos
_2LEMB
_931375
650 0 7 _aFerrocarriles
_vCuentos
_2lemb
_963751
650 0 4 _aLiteratura infantil suiza
_2LEMB
_962795
655 _aCuentos
_943875
655 _aCuentos
_943875
700 0 _aAlbertine,
_d1967-
_eill
_963752
700 1 _aFigini, Catalina,
_d1986-
_etrl
_963753
942 _2loc
_cBKLITI
999 _c58653
_d58653